Statistics for Political Parties in Parliament of Germany 2017-21

Click here to take the quiz!

General Stats

  • This quiz has been taken 166 times
  • The average score is 6 of 6

Answer Stats

seatsparty% Correct
246Christian Democrats CDU/CSU
99%
94Alternative for Germany AfD
96%
153Social Democrats SPD
96%
67The Greens Die Grünen
95%
69The Left Die Linke
91%
80Free Democrats FDP
89%

Score Distribution

Percentile by Number Answered

Percent of People with Each Score

Your Score History

You have not taken this quiz